000 01019nas a2200349 4500
001 BR2011003555
003 BR-BrBNA
005 20231205115405.0
007 ta
008 230509b bl.|||p| |||| 00| 00por d
040 _aBR-BrBNA
_bpor
_cBiblioteca Nacional de Agricultura
041 _a(Pt)
072 _aH20
100 1 _aDianese, A.C.
100 1 _aBlum, L.E.B.
100 1 _aDutra, J.B.
100 1 _aLopes, L.F.
100 1 _aSena, M.C.
100 1 _aFreitas, L.F.
245 1 _aReação de genótipos de mamoeiro à varíola e à podridão-do-pé
246 1 _aReaction of papaya genotypes to black-spot and foot-rot
650 _aMAMÃO
650 _aCARICA PAPAYA
650 _aVARÍOLA
650 _aPODRIDÃO DO PÉ
650 _aFUNGO
650 _aDOENÇA DE PLANTA
650 _aGENÓTIPO
773 0 _tFitopatologia Brasileira (Brazil)
_xISSN 0100-4158
_g(Sep-Oct 2007), v. 35(2) p. 419-423
_wBR2011003555
909 _a202311
_bLúcia
_c55
_dLúcia Elande
942 _2AGRIS
_n0
_cANA
999 _c213555
_d213555